Sports Quiz

Random Sports or MLB Quiz

Yankees World Series Roster '55-'60 Quiz Stats

 Plays Quiz not verified by Sporcle

Score 0/116 Timer 09:00
0 Plays Today
Year Player % Correct
1955Yogi Berra
97.6%
1955Mickey Mantle
97.6%
1956Yogi Berra
97.6%
1956Mickey Mantle
97.6%
1957Yogi Berra
97.6%
1957Mickey Mantle
97.6%
1958Yogi Berra
97.6%
1958Mickey Mantle
97.6%
1960Yogi Berra
97.6%
1960Mickey Mantle
97.6%
1955Whitey Ford
96.7%
1956Whitey Ford
96.7%
1957Whitey Ford
96.7%
1958Whitey Ford
96.7%
1960Whitey Ford
96.7%
1960Roger Maris
89.6%
1955Elston Howard
88.2%
1956Elston Howard
88.2%
1957Elston Howard
88.2%
1958Elston Howard
88.2%
1960Elston Howard
88.2%
1957Bobby Richardson
82.5%
1958Bobby Richardson
82.5%
1960Bobby Richardson
82.5%
1955Phil Rizzuto
80.6%
1955Billy Martin
78.7%
1956Billy Martin
78.7%
1957Tony Kubek
78.7%
1958Tony Kubek
78.7%
1960Tony Kubek
78.7%
1955Bill Skowron
78.2%
1956Bill Skowron
78.2%
1957Bill Skowron
78.2%
1958Bill Skowron
78.2%
1960Bill Skowron
78.2%
1955Don Larsen
70.1%
1957Don Larsen
70.1%
1960Clete Boyer
70.1%
1955Hank Bauer
66.8%
Year Player % Correct
1956Hank Bauer
66.8%
1957Hank Bauer
66.8%
1958Hank Bauer
66.8%
1956Don Larsen
63%
1958Don Larsen
63%
1955Gil McDougald
61.1%
1956Gil McDougald
61.1%
1957Gil McDougald
61.1%
1958Gil McDougald
61.1%
1960Gil McDougald
61.1%
1960Ralph Terry
60.2%
1955Bob Turley
59.7%
1956Bob Turley
59.7%
1957Bob Turley
59.7%
1958Bob Turley
59.7%
1960Bob Turley
59.7%
1960Johnny Blanchard
53.1%
1956Enos Slaughter
46.4%
1957Enos Slaughter
46.4%
1958Enos Slaughter
46.4%
1960Hector Lopez
46.4%
1955Bob Cerv
45.5%
1956Bob Cerv
45.5%
1960Bob Cerv
45.5%
1955Jerry Coleman
43.6%
1955Rip Coleman
43.6%
1956Jerry Coleman
43.6%
1957Jerry Coleman
43.6%
1955Andy Carey
40.8%
1956Andy Carey
40.8%
1957Andy Carey
40.8%
1958Andy Carey
40.8%
1955Joe Collins
38.9%
1956Joe Collins
38.9%
1957Joe Collins
38.9%
1960Luis Arroyo
37%
1957Bobby Shantz
34.1%
1960Bobby Shantz
34.1%
1955Johnny Kucks
32.2%
Year Player % Correct
1956Johnny Kucks
32.2%
1957Johnny Kucks
32.2%
1958Johnny Kucks
32.2%
1957Art Ditmar
31.3%
1958Art Ditmar
31.3%
1958Ryne Duren
31.3%
1960Art Ditmar
31.3%
1960Ryne Duren
31.3%
1955Bob Grim
30.8%
1957Bob Grim
30.8%
1960Jim Coates
29.4%
1955Tom Sturdivant
27%
1956Tom Sturdivant
27%
1957Tom Sturdivant
27%
1957Jerry Lumpe
24.6%
1958Jerry Lumpe
24.6%
1956George Wilson
23.2%
1956Norm Siebern
22.7%
1958Norm Siebern
22.7%
1955Irv Noren
22.3%
1955Tommy Byrne
21.3%
1956Tommy Byrne
21.3%
1957Tommy Byrne
21.3%
1957Harry Simpson
21.3%
1955Eddie Robinson
19.4%
1958Marv Throneberry
18%
1960Joe DeMaestri
16.6%
1960Dale Long
15.6%
1960Bill Stafford
15.6%
1958Duke Maas
15.2%
1960Duke Maas
15.2%
1960Eli Grba
11.4%
1955Tom Morgan
7.6%
1956Mickey McDermott
7.6%
1956Tom Morgan
7.6%
1958Zach Monroe
4.7%
1958Murry Dickson
4.3%
1955Tom Carroll
2.8%

You're not logged in!

Compare scores with friends on all Sporcle quizzes.
OR
Log In

Show Comments

Extras

Top Quizzes Today


Score Distribution

Your Account Isn't Verified!

In order to create a playlist on Sporcle, you need to verify the email address you used during registration. Go to your Sporcle Settings to finish the process.

Report this User

Report this user for behavior that violates our Community Guidelines.

Details: